00721nam a2200205Ia 450000500170000000800410001702000180005804000180007604100080009408200230010210000250012524501430015025000120029326000720030530000280037765000280040565000280043365000350046170000190049620220921105509.0210716s2009 xx 000 0 und d a9788184047622 cAIMIT LIBRARY aeng a005.3622 21bSILA aSilver, April Hodge. aWord press 2.7 complete :bcreate your own complete blog or website from scratch with wordpress /cBy April Hodge Silver and Hasin Hayder, a1st ed. aNew Delhi :bShroff Publications and Distributers Pvt Ltd ,c2009. aVII;277;5 p.;c23.5 cm. aBlogging your heart out aDiscussion on your blog aChoosing and installing themes aHayder, Hasin.